000 00529nam a2200181Ia 4500
008 240925s9999 xx 000 0 und d
020 _a139016538
082 _a004.6 BRO
100 _aBrooks ,R. R.
245 0 _aMulti-Sensor Fusion: fundamentals and application with software
250 _aNA
260 _aNew Jersey:
_bPrintice- Hall Int.
_c,1998.
300 _axvi,488p.
_bNA
_fOriginal
500 _aIncludes Index
600 _aComputer Science
650 _aComputer science, information & general works
942 _cBK
999 _c5178
_d5178